000 00489ntaaa2200169 4500
003 01
005 20251027202233.0
008 0714s1973 ag 01
040 _aAR-BaBN
_bspa
_cAR-BaBN
_eaacr
_dRIC
082 _a268.11 G19
100 _aGarrett, Mary Joe
_920826
245 _aSoldados de Cristo /
_cMary Joe Garrett
260 _aRío de Janeiro :
_bJunta de Escolas Dominicais, C.P.B.,
_c1954
300 _a4 v.
500 _aMaterial para escuelas bíblicas de vacaciones
942 _cBK
999 _c17207
_d17207